| 000 | 00676nam a2200217 u 4500 | ||
|---|---|---|---|
| 005 | 20220622063525.0 | ||
| 008 | 071008s2007 r 000 0 eng d | ||
| 020 | _a9788484182795 | ||
| 035 | _aUPN01000152705 | ||
| 049 | _aI | ||
| 050 | 4 |
_aPZ76.3 _bS2.64 |
|
| 100 | 1 | _aScamell, Ragnhild | |
| 245 | 1 | 0 |
_aPincho / _cRagnhild Scamell ; il. Michael Terry ; tr. Angeles Fabregat. |
| 260 |
_aBarcelona, Esp. : _bZendrera Zariquiey, _c2007. |
||
| 300 |
_a[25] p. : _bprincipalmente il. col. |
||
| 534 |
_pTÃtulo original: _tOuch! |
||
| 650 | 0 |
_aAnimales _vCuentos y leyendas _9234 |
|
| 650 | 4 |
_aCuentos infantiles _96744 |
|
| 700 | 1 |
_aTerry, Michael, _eil. |
|
| 905 | _aInfantil | ||
| 999 |
_c124828 _d124828 |
||